Guess the Lyrics - 60's #3 - Statistics

General Stats
  • This quiz has been taken 37 times
  • The average score is 168 of 313
Answer Stats
Answer % Correct
I
97%
I,
97%
a
93%
the
93%
"You
93%
you
93%
You
93%
me
83%
and
80%
to
77%
can
73%
can't
73%
cant
73%
When
73%
when
73%
love,
70%
love
70%
"Love
70%
"love
70%
don't
67%
Don't
67%
go
67%
have
67%
it
67%
It
67%
my
67%
No,
67%
no
67%
"No,
67%
No
67%
on
67%
She
67%
of
63%
that
63%
said
60%
how
57%
How
57%
will
57%
It's
53%
it's
53%
just
53%
come
50%
for
50%
For
50%
give
50%
hurry
50%
take
50%
take"
50%
easy
47%
easy,
47%
easy"
47%
game
43%
wait"
43%
wait
43%
wait?
43%
But
40%
but
40%
feel
40%
got
40%
heart,
40%
heart
40%
mine
40%
need
40%
time,
40%
time
40%
some
37%
at
33%
mind
33%
break?
30%
matter
30%
must
30%
now
30%
You Can'tHurry Love
30%
let
27%
mama
27%
much
27%
before
23%
ease
23%
find,
23%
find
23%
gone
23%
live
23%
long
23%
many
23%
more
23%
only
23%
stand
23%
takes"
23%
takes
23%
yeah,
23%
ain't
20%
call
20%
night
20%
Right
20%
someone
20%
These
20%
thing
20%
again?
17%
alone
17%
cause
17%
grow
17%
hangin'
17%
hold
17%
keep
17%
keeps
17%
life
17%
The Supremes
17%
heartaches
13%
own
13%
remember
13%
talk
13%
tight
13%
trust,
13%
"Trust,
13%
anticipating
10%
arms
10%
bear
10%
impatient
10%
precious
10%
strength,
10%
tender
10%
waiting,
10%
waiting
10%
words
10%
almost
7%
loneliness
7%
soft
7%
voice
7%
No matching quizzes found
Score Distribution
Percent of People with Each Score
Percentile by Number Answered
Your Score History
You have not taken this quiz